LEADER 01095nam0 2200301 450 001 000021723 005 20090119085453.0 010 $a88-15-01548-5 100 $a20090119d1987----km-y0itay50------ba 101 1 $aita$ceng 102 $aIT 105 $aa-------001zy 200 1 $aEconometria, analisi delle attivitą, crescita ottimale$fTjalling C. Koopmans 210 $aBologna$cIl Mulino$d1987 215 $a383 p.$cill.$d22 cm 225 2 $aCollezione di testi e di studi. Economia 300 $aScritti vari. 300 $aEd. italiana a cura di Piero Tani. 300 $aTrad. di Gianluca Salsecci. 410 0$12001$aCollezione di testi e di studi. Economia 610 1 $aEconomia$aModelli matematici 676 $a330.028$v19$9Scienze economiche. Tecniche, procedure, apparecchi, attrezzature, materiali 700 1$aKoopmans,$bTjalling Charles$f<1910-1985>$0267365 801 0$aIT$bUNIPARTHENOPE$c20090119$gRICA$2UNIMARC 912 $a000021723 951 $a212/51$b7787$cNAVA2 996 $aEconometria, analisi delle attivitą, crescita ottimale$9465664 997 $aUNIPARTHENOPE LEADER 00815nam0 2200277 450 001 000014191 005 20080708151401.0 010 $a8815062769 100 $a20080708d1998----km-y0itay50------ba 101 0 $aita 102 $aIT 105 $ay-------001yy 200 1 $a<>immigrazione straniera in Italia$fCorrado Bonifazi 210 $aBologna$cil Mulino$d1998 215 $a293 p.$d22 cm 225 2 $aStudi e ricerche$v409 410 0$12001$aStudi e ricerche 610 1 $aItalia$aImmigrazione 610 1 $aLavoratori stranieri$aDiritto 676 $a304.845$v19 700 1$aBonifazi,$bCorrado$0103556 801 0$aIT$bUNIPARTHENOPE$c20080708$gRICA$2UNIMARC 912 $a000014191 951 $a823/17$b8720$cNAVA2$d2008 996 $aImmigrazione straniera in Italia$9197010 997 $aUNIPARTHENOPE